Jawetz, Melnick & Adelberg's Medical Microbiology/ (Record no. 37162)

MARC details
000 -LEADER
fixed length control field 00588nam a22002177a 4500
005 - DATE AND TIME OF LATEST TRANSACTION
control field 20260505090605.0
008 - FIXED-LENGTH DATA ELEMENTS--GENERAL INFORMATION
fixed length control field 260504b |||||||| |||| 00| 0 eng d
020 ## - INTERNATIONAL STANDARD BOOK NUMBER
ISBN 9781260012026
082 ## - DEWEY DECIMAL CLASSIFICATION NUMBER
Classification number 616.01
Item number RIE-J
100 ## - MAIN ENTRY--AUTHOR
Author Name Riedel; Stefan
245 ## - TITLE STATEMENT
Title Jawetz, Melnick & Adelberg's Medical Microbiology/
250 ## - EDITION STATEMENT
Edition statement 28th.ed
260 ## - PUBLICATION, DISTRIBUTION, ETC.
Place of Publication United state:
Name of publisher, distributor, etc. McGraw Hill;
Date of publication, distribution, etc. 2019.
300 ## - PHYSICAL DESCRIPTION
Pages 851p.
500 ## - GENERAL NOTE
General note include index.
650 ## - SUBJECT ADDED ENTRY--TOPICAL TERM
Subject / Department Medical / Microbiology
700 ## - ADDED ENTRY--PERSONAL NAME
Personal name Morse, Stephen A.
700 ## - ADDED ENTRY--PERSONAL NAME
Personal name Mietzner, Timothy A.
700 ## - ADDED ENTRY--PERSONAL NAME
Personal name Miller;Steve
952 ## - LOCATION AND ITEM INFORMATION (KOHA)
-- 0
-- 0
952 ## - LOCATION AND ITEM INFORMATION (KOHA)
-- 0
-- 0
Holdings
Lost status Damaged status Collection code Permanent Location Current Location Shelving Location Date acquired Full Call Number Accession No./Barcode Date last seen Copy number item type Koha item type
    Medical Superior Information Resource Center (SIRC) Superior University- Central Library Superior Information Resource Center (SIRC) Superior University- Central Library Microbiology(D-L) 05/04/2026 616.01 RIE-J 2019 29885 05/04/2026 1 BOOK BOOK
    Medical Superior Information Resource Center (SIRC) Superior University- Central Library Superior Information Resource Center (SIRC) Superior University- Central Library Microbiology(D-L) 05/04/2026 616.01 RIE-J 2019 29886 05/04/2026 2 BOOK BOOK

Powered by Koha